00715nam a2200241Ia 450000500170000000800410001702000150005808200220007324500750009526000410017030000120021165000160022365000180023965000130025765000120027070000170028270000190029970000170031870000190033594200060035495200980036099900150045820250312053319.0240331s9999 xx 000 0 und d a0415079063 a301.02bCUL23356 0aCulture, Media, Language:bWorking Papers in Cultural Studies, 1972-79 aNew York;aLondon, bRoutledgec1980 a311 p., aEthnography aMedia Studies aLanguage aCulture aHall, Seedt aHobson, Deedt aLowe, Aeedt aWillis, Peedt cL 001040708LaWERCLbWERCLcSSCd2024-03-31l0o 301.02 CULp3356r2024-03-31w2024-03-31yL c1060d1060